| 000 | 00726cab a2200253 4500 | ||
|---|---|---|---|
| 001 | ABS52079 | ||
| 008 | 090401t1995 xxu||||| |||| 00| 0 eng d | ||
| 035 | _a(Sirsi) u59030 | ||
| 041 | _aeng | ||
| 100 | _aMorley, S. | ||
| 245 | 4 | _aThe future for rental growth | |
| 260 | _c1995 | ||
| 350 | _a0 | ||
| 490 |
_aEstates Gazette _v(1995) 03 EG 110-112(3) |
||
| 520 | _aThree years after the end of the recession this article looks for signs of rental growth in commercial property. | ||
| 650 | _aECONOMIC FORECASTS | ||
| 650 | _aFORECASTING | ||
| 650 | _aINVESTMENT MARKET | ||
| 650 | _aPROPERTY CYCLES | ||
| 650 | _aRENTAL GROWTH | ||
| 690 | _aPROPERTY-COMMERCIAL PROPERTY | ||
| 942 | _n0 | ||
| 948 | _c04/03/1997 | ||
| 999 |
_c36144 _d36144 |
||